000 00484nab a2200145Ia 4500
003 ES-SlBCS
005 20210601142544.0
008 140529s2000 xxu||||| |||| 00| 0 spa d
041 _aspa
100 1 _aZivin, Justin A.
_9270159
245 0 0 _aNaturaleza y alcance de los ensayos clínicos
_c Justin A. Zivin
650 0 4 _aMedicina-Farmacología
_9269577
773 0 _tInvestigacion y Ciencia (Traducción de: Scientific American)
_gnº. 285, 2000, págs. 51-57
_wRev1650
942 _cAR
999 _c678657
_d678657